|
|
|
|
| LEADER |
00957nab a2200241 i 4500 |
| 001 |
acta42822 |
| 005 |
20250702141635.0 |
| 008 |
170106s2016 hu o 000 hun d |
| 022 |
|
|
|a 1419-0222 (print), 2064-5929 (online, pdf)
|
| 024 |
7 |
|
|a https://doi.org/10.14232/belv.2016.3.10
|2 doi
|
| 040 |
|
|
|a SZTE Egyetemi Kiadványok Repozitórium
|b hun
|
| 041 |
|
|
|a hun
|
| 041 |
|
|
|a eng
|
| 100 |
1 |
|
|a Zalai Anita
|
| 245 |
1 |
2 |
|a A spanyol polgárháború - a kutató szemével
|h [elektronikus dokumentum] :
|b interjú Harsányi Ivánnal /
|c Zalai Anita
|
| 260 |
|
|
|a Belvedere Meridionale
|b Szeged
|c 2016
|
| 300 |
|
|
|a 130-133
|
| 490 |
0 |
|
|a Belvedere Meridionale
|v 28 No. 3
|
| 650 |
|
4 |
|a Bölcsészettudományok
|
| 650 |
|
4 |
|a Történettudomány és régészet
|
| 695 |
|
|
|a Történettudomány - magyar - 20-21. sz. - interjú, Harsányi Iván
|
| 700 |
0 |
1 |
|a Harsányi Iván
|
| 856 |
4 |
0 |
|u http://acta.bibl.u-szeged.hu/42822/1/belvedere_2016_003_130-133.pdf
|z Dokumentum-elérés
|